Normal view
MARC view
Entry Personal Name
001 - CONTROL NUMBER
- control field: 79892
003 - CONTROL NUMBER IDENTIFIER
- control field: OSt
005 - DATE AND TIME OF LATEST TRANSACTION
- control field: 20230330093604.0
008 - FIXED-LENGTH DATA ELEMENTS
- fixed length control field: 230330|| aca||aabn | a|a d
040 ## - CATALOGING SOURCE
- Original cataloging agency: OSt
- Transcribing agency: OSt
100 ## - HEADING--PERSONAL NAME
- Personal name: VISHNOI (N K);SHUKLA (R J)
670 ## - SOURCE DATA FOUND
- Source citation: Work cat.: (OSt)154523: VISHNOI (N K);SHUKLA (R J)., Textbook of physical chemistry. V1., 2010